Visualizing data / (Record no. 35401)

MARC details
000 -LEADER
fixed length control field 00926nam a2200253 a 4500
001 - CONTROL NUMBER
control field 2980748
003 - CONTROL NUMBER IDENTIFIER
control field OSt
005 - DATE AND TIME OF LATEST TRANSACTION
control field 20220510130549.0
008 - FIXED-LENGTH DATA ELEMENTS--GENERAL INFORMATION
fixed length control field 930524s1993 njua b 001 0 eng
010 ## - LIBRARY OF CONGRESS CONTROL NUMBER
LC control number 92075077
020 ## - INTERNATIONAL STANDARD BOOK NUMBER
International Standard Book Number 0963488406
040 ## - CATALOGING SOURCE
Original cataloging agency DLC
Transcribing agency HU
050 00 - LIBRARY OF CONGRESS CALL NUMBER
Classification number QA276.3
Item number .C57 1993
082 00 - DEWEY DECIMAL CLASSIFICATION NUMBER
Classification number 001.4/224
Edition number 20
100 1# - MAIN ENTRY--PERSONAL NAME
Personal name Cleveland, William S.,
Dates associated with a name 1943-
9 (RLIN) 36774
245 10 - TITLE STATEMENT
Title Visualizing data /
Statement of responsibility, etc. William S. Cleveland.
260 ## - PUBLICATION, DISTRIBUTION, ETC.
Place of publication, distribution, etc. Murray Hill, N.J. :
Name of publisher, distributor, etc. At&T Bell Laboratories ;
Place of publication, distribution, etc. [Summit, N.J. :
Name of publisher, distributor, etc. Published by Hobart Press,
Date of publication, distribution, etc. c1993]
300 ## - PHYSICAL DESCRIPTION
Extent 360 p. :
Other physical details ill. ;
Dimensions 26 cm.
504 ## - BIBLIOGRAPHY, ETC. NOTE
Bibliography, etc. note Includes bibliographical references (p. 341-346) and index.
650 #0 - SUBJECT ADDED ENTRY--TOPICAL TERM
Topical term or geographic name entry element Mathematical statistics
General subdivision Graphic methods.
9 (RLIN) 36820
906 ## - LOCAL DATA ELEMENT F, LDF (RLIN)
a 7
b cbc
c orignew
d 3
e opcn
f 19
g y-gencatlg
942 ## - ADDED ENTRY ELEMENTS (KOHA)
Source of classification or shelving scheme Dewey Decimal Classification
Koha item type Books like text book referance book
Suppress in OPAC No
Holdings
Withdrawn status Lost status Source of classification or shelving scheme Damaged status Not for loan Collection code Home library Current library Shelving location Date acquired Total Checkouts Full call number Barcode Date last seen Copy number Price effective from Koha item type
    Dewey Decimal Classification     Reference Wondo Genet Library Wondo Genet Library General Stacks 05/10/2022   001.4/224 CLE 1993 WGCFNRL00019973 05/10/2022 1 05/10/2022 Books like text book referance book